Normal view
MARC view
Entry Personal Name
001 - CONTROL NUMBER
- control field: 52196
003 - CONTROL NUMBER IDENTIFIER
- control field: ARRUPE
005 - DATE AND TIME OF LATEST TRANSACTION
- control field: 20230301140137.0
008 - FIXED-LENGTH DATA ELEMENTS
- fixed length control field: 230301|| aca||aabn | a|a d
040 ## - CATALOGING SOURCE
- Original cataloging agency: ARRUPE
- Transcribing agency: ARRUPE
100 ## - HEADING--PERSONAL NAME
- Personal name: Carens.H. Joseph
670 ## - SOURCE DATA FOUND
- Source citation: Work cat.: (ARRUPE)131645: Carens.H. Joseph, The ethics of immigration ;, 2013.